UBT Library

A concise public speaking handbook / (Record no. 43660)

000 -LEADER
fixed length control field 00804cam a2200253 a 4500
001 - CONTROL NUMBER
control field 16543550
005 - DATE AND TIME OF LATEST TRANSACTION
control field 20180227093717.0
008 - FIXED-LENGTH DATA ELEMENTS--GENERAL INFORMATION
fixed length control field 101118s2012 mau bf 001 0 eng
010 ## - LIBRARY OF CONGRESS CONTROL NUMBER
LC control number 2010046268
020 ## - INTERNATIONAL STANDARD BOOK NUMBER
International Standard Book Number 9780205753703 (spiral)
020 ## - INTERNATIONAL STANDARD BOOK NUMBER
International Standard Book Number 0205753701 (spiral)
035 ## - SYSTEM CONTROL NUMBER
System control number (OCoLC)ocn682896749
040 ## - CATALOGING SOURCE
Original cataloging agency DLC
Transcribing agency DLC
Modifying agency BTCTA
-- YDXCP
-- BWX
-- OKX
-- DLC
041 ## - LANGUAGE CODE
Language code of text/sound track or separate title eng
080 ## - UNIVERSAL DECIMAL CLASSIFICATION NUMBER
Universal Decimal Classification number 808.51 BEE
082 00 - DEWEY DECIMAL CLASSIFICATION NUMBER
Classification number 808.51 BEE
Edition number 22
100 1# - Rafti
Rafti 25
101 ## - Shkurtesa
Shkurtesa EDU
245 12 - TITLE STATEMENT
Title A concise public speaking handbook /
Statement of responsibility, etc Steven A. Beebe, Susan J. Beebe.
504 ## - BIBLIOGRAPHY, ETC. NOTE
Bibliography, etc Includes bibliographical references and index.
906 ## - LOCAL DATA ELEMENT F, LDF (RLIN)
a 7
b cbc
c orignew
d 1
e ecip
f 20
g y-gencatlg
942 ## - ADDED ENTRY ELEMENTS (KOHA)
Source of classification or shelving scheme
Item type Books
Holdings
Withdrawn status Lost status Source of classification or shelving scheme Damaged status Not for loan Collection code Permanent location Current location Shelving location Date acquired Total Checkouts Full call number Barcode Date last seen Price effective from Koha item type
          Koleksioni i përgjithshem UBT - Lipjan UBT - Lipjan Koleksioni i përgjithshem 02/27/2018   808.51 BEE 002-3000429 02/27/2018 02/27/2018 Books
UBT Library © 2015-2024. All rights reserved University Education for Business and Technology